01314nam a2200337 a 4500001001000000003000500010005001700015008004100032010001100073011001100084040000900095090001000104100003900114245014000153260004100293500006000334502008200394590004000476590004000516650003200556650004600588650003700634650003900671650004000710856007000750901000700820942001000827942000600837999001900843952011400862000116306CHAP20220329144610.0191122s2019 mx a |sm |||||||spa d a112767 a113739 cCHAP aTesis1 aEspaña López, María.913713210aCapacidad fitoextractora de Poa pratensis (L.) en un jal de mina, con fines de reclamaciónh[En línea]cpor Maria España López. aChapingo, Méx. :bEl autor,c2019. aPara ver el contenido del material haga clic en la liga aTesis (Ing. en Recursos Naturales Renovables) -- UACH. Departamento de Suelos aE6339RRRb05c20191122lUCH01h1042 aE6339RRRb05c20191122lUCH01h104214aFitorremediación.912495214aMetales pesadosxEfecto en suelos.97517214aSuelosxContaminación.911032714aSuelosxRecuperación de.911047314aVermicompostxAplicación.9134024 aFinding aiduhttp://10.13.5.2/tesis/sist116306.pdfzTeclea aquí aBK cTESIS n0 c112767d112767 00102local40718TESISaBCbBCd2019-11-22fTESISl0oTesisp116318-10r2019-12-31 00:00:00w2019-11-22yCD